00297 a2200121 4500003000500000005001700005040000900022082001400031100003100045245006500076260002600141300000800167Nust20230307093710.0 cNust a297.5,PAL aPalanPuri , Muhammad Irfan aTuffa tul Tulba o Ulmaa / cMaulana Muhammad Irfan PalanPuri akARACHIbDURUL ESHATT a478